00853nam a22002412 450000100060000000300080000600500170001400800410003103500190007204000320009104100080012308200250013110000460015624501020020225000120030426000440031630000280036050000670038850400510045565000170050665000400052371000480056312568BD-RjUL20211208235322.0140129s1960 enka b 001 0 eng d a(BD-RjUL)12617 aGZHcGZHdUKMdBD-RjULbeng aeng04a613.62218bSIP 19601 aSimmonds, F. A. H.qFrancis Albert Henry.14aThe protection of the nurse and other hospital workers against tuberculosis /cF. A. H. Simmonds. a2nd ed. aLondon :bChest and Heart Assn.,c1960. a95 p. :bill. ;c19 cm. aCover title: The protection of the nurse against tuberculosis. aIncludes bibliographical references and index. 2aNursing Care 2aTuberculosisxprevention & control.2 aChest and Heart Association (Great Britain)